00448nam a22001577a 450000500170000001000150001702000250003203500130005703700130007008200100008324500780009326000380017127000430020930000210025270000170027320141128153903.0 aENG-111257 a9788125055815c75.00 aEN-94789 bDBAD/PUB a880.8 aMasters of English prose :cedited by L. M. Joshibfrom Bacon to Beerbohm aNew DelhibOrient Blackswanc2014 a1/24, Asaf Ali RoadbNew Delhie110002 a115p.c23cm(pbk) aJoshi, L. M.